000 00394nam a2200157Ia 4500
008 230917s9999||||xx |||||||||||||| ||und||
040 _e160611
_aMAIN
041 _aEnglish
082 _a658.3 R18H(2)
100 _aRao, V S P
245 0 _aHuman resource management : Text and cases
250 _a2nd ed.
260 _aNew Delhi
_bExcel Books
_c2005
300 _axv, 709 p.
942 _cBK
999 _c134914
_d134914